000 01516nam0a2200277 4500
001 RU\NLR\BIBL_A\022129023
005 20250625132558.0
010 _91500
035 _a(NLR Aleph) 022129023
090 _a13319809
_c13319809
100 _a20240206d1989 |||y0rusy50 ca
101 0 _adar
102 _aRU
105 _ay z 000 y
181 0 _ai
_baxxe
182 0 _an
200 1 _aДагъиста Автономси Совет Социалист Республикала Конституция (хьулчилибиубси закон)
_e1989 ибил дусла ноябрьла 3-личибадси вецIну царайнайс бикIибси ДАССР-ла Верховный Советла вецIну кIира ибил сессияличиб кьабулбарибси Закон хIясибли кадерхахъурти дарсдешуначил ва цеимцIадешуначил
_fЗ. Гаджиев пер.
203 _aТекст
_bвизуальный
_cнепосредственный
210 _aМахачкала
_cДаг. кн. изд-во
_d1989
215 _a54,[1] с.
_d20
541 1 _aКонституция (Основной Закон) ДАССР
_eС изм. и доп., внес. Законом ДАССР на двенадцатой сес. Верховного Совета ДАССР одиннадцатого созыва 3 нояб. 1989 г.
_zrus
686 1 _aХ620.526
852 _aNLR
_bОНЛ
_jДарг./2-1034
942 _cBOOK
980 _aNB